| 000 | 00382cam a2200145ua 4500 | ||
|---|---|---|---|
| 003 | OSt | ||
| 008 | 250101b |||||||| |||| 00| 0 eng d | ||
| 041 | _aeng | ||
| 082 |
_a621.3678 _bVER/SA |
||
| 100 |
_aVerbyla, David L . _96683 |
||
| 245 | _aSatellite remote sensing of natural resources / | ||
| 260 |
_aBocaratton : _bCRC Press Inc. , _c1995. |
||
| 300 | _a198 ; . | ||
| 942 | _cBK | ||
| 999 |
_c13398 _d13398 |
||